000 00420nam a22001697a 4500
003 NUST
005 20220817115645.0
008 220817b ||||| |||| 00| 0 eng d
020 _a9780358012412
038 _aAzhar
082 _a813.6
_bTIN
100 _aTintera, Amy
_997721
245 _aAll these warriors
_cAmy Tintera
260 _aBoston
_bHoughton Mifflin Harcourt
_c2021
300 _a326p
942 _2ddc
_cLC
999 _c591145
_d591145